| 000 | 00524nam a22001817a 4500 | ||
|---|---|---|---|
| 005 | 20251212123357.0 | ||
| 008 | 251212b |||||||| |||| 00| 0 eng d | ||
| 040 | _aMAIN | ||
| 082 |
_a759.954 _bD539B |
||
| 100 | _aDhramveer Singh | ||
| 245 | _aBharatiya chitrkala mein prachalit vibhin madhyam evam takniki: Ek adhyayan | ||
| 260 |
_bDepartment of Visual Art, M D University, Rohtak _c2024 |
||
| 300 | _axiii, 245 | ||
| 650 | _aVisual Art | ||
| 650 | _aIndian Art | ||
| 700 | _aChauhan, Rajesh Kumar | ||
| 942 | _cTH | ||
| 999 |
_c395189 _d395189 |
||